000 00396nam a22001457a 4500
003 OSt
005 20241227142541.0
008 241227b |||||||| |||| 00| 0 eng d
040 _cIIMT UNIVERSITY
100 _aADGADANAND, SWAMI JI
245 _aSRIMAD BHAGVADGEETA KE PRAMUKH PRASHAN
260 _aMUMBAI
_bSRI PARAM HANS SWAMI ADGADANAND AASRAM TRUST
_c2016
300 _a171
942 _2ddc
_c09
999 _c64995
_d64995